[Event "Ladder 1 U1400"]
[Site "Gatineau CAN"]
[Date "2021.11.30"]
[Round "3"]
[White "Simard, Paul"]
[Black "Simard, Francois"]
[Result "1/2-1/2"]
[WhiteElo "1311"]
[BlackElo "866"]
[PlyCount "74"]
[EventDate "2021.11.16"]
[EventType "swiss"]
[EventRounds "5"]
[EventCountry "CAN"]

1. d4 d5 2. c4 e6 3. Nf3 Nc6 4. e3 Nf6 5. Nc3 Be7 6. cxd5 exd5 7. Bd3 O-O 8.
O-O Re8 9. a3 a5 10. Qc2 Bg4 11. Be2 Qd7 12. h3 Bxf3 13. Bxf3 Nd8 14. Bd2 Ne6
15. Be2 c6 16. Na4 Qc7 17. Nc3 Bd6 18. f4 Qe7 19. Rfe1 Rac8 20. Bf3 c5 21. dxc5
Bxc5 22. Qd1 Qd6 23. Kh1 d4 24. exd4 Nxd4 25. Rxe8+ Rxe8 26. Bxb7 Qb6 27. Bf3
Qxb2 28. Na4 Qb5 29. Rb1 Qd7 30. Nxc5 Qf5 31. Nb3 Nxf3 32. gxf3 Qxh3+ 33. Kg1
Qg3+ 34. Kf1 Qh3+ 35. Kg1 Qg3+ 36. Kh1 Qh3+ 37. Kg1 Qg3+ 1/2-1/2

[Event "Ladder 1 U1400"]
[Site "Gatineau CAN"]
[Date "2021.12.07"]
[Round "4"]
[White "Boutin, Michel"]
[Black "Perreault, Robert"]
[Result "0-1"]
[WhiteElo "900"]
[BlackElo "1027"]
[PlyCount "58"]
[EventDate "2021.11.16"]
[EventType "swiss"]
[EventRounds "5"]
[EventCountry "CAN"]

1. d4 b6 2. c4 Bb7 3. e3 e6 4. Ne2 g6 5. Nbc3 Bg7 6. e4 d6 7. d5 e5 8. Nb5 a6
9. Na3 Ne7 10. Nc2 Nd7 11. Bg5 h6 12. Bh4 g5 13. Bg3 O-O 14. Ne3 f5 15. Qc2 f4
16. Ng4 fxg3 17. hxg3 Kh7 18. Qd2 Ng6 19. O-O-O Bc8 20. Qe3 Nf6 21. Nxf6+ Qxf6
22. f3 g4 23. fxg4 Bxg4 24. Kb1 Qf2 25. Qg5 Bxe2 26. Bxe2 Qxe2 27. Rh5 Rf2 28.
Qc1 Qxh5 29. Rh1 Qe2 0-1

[Event "Ladder 1 U1400"]
[Site "Gatineau CAN"]
[Date "2021.12.07"]
[Round "4"]
[White "Fiset, Daniel"]
[Black "Simard, Francois"]
[Result "0-1"]
[WhiteElo "1279"]
[BlackElo "866"]
[PlyCount "76"]
[EventDate "2021.11.16"]
[EventType "swiss"]
[EventRounds "5"]
[EventCountry "CAN"]

1. e4 e5 2. Nf3 Nf6 3. Nxe5 Nc6 4. Nxc6 dxc6 5. Qf3 Bc5 6. Bc4 O-O 7. O-O Be6
8. Bxe6 fxe6 9. d3 Qe7 10. Be3 Rad8 11. Nc3 Nd7 12. Bxc5 Qxc5 13. Qe3 b5 14.
Qxc5 Nxc5 15. Rfe1 e5 16. b4 Ne6 17. a4 Nd4 18. Rec1 a6 19. axb5 axb5 20. Kf1
g5 21. Ne2 Kg7 22. Ra6 Rf6 23. Ng3 Kg6 24. c3 Nb3 25. Rc2 Rxd3 26. Ra3 Nd4 27.
Rc1 Ne6 28. Ne2 Rd2 29. Ke1 Rb2 30. h3 Nf4 31. Nxf4+ Rxf4 32. f3 Rxg2 33. Rd1
Rg1+ 34. Ke2 Rxd1 35. Kxd1 Rxf3 36. Ra7 Rxh3 37. Rxc7 Rxc3 38. Kd2 Rc4 0-1

[Event "Ladder 1 U1400"]
[Site "Gatineau CAN"]
[Date "2021.12.07"]
[Round "4"]
[White "Paquette, Simon"]
[Black "Rioux, Dany"]
[Result "1-0"]
[WhiteElo "1103"]
[BlackElo "1157"]
[PlyCount "89"]
[EventDate "2021.11.16"]
[EventType "swiss"]
[EventRounds "5"]
[EventCountry "CAN"]

1. d4 d5 2. c4 dxc4 3. Nc3 Nc6 4. Nf3 Nf6 5. e4 Bg4 6. d5 Nb4 7. Qa4+ Nd7 8.
Qxb4 e6 9. Qxc4 exd5 10. Nxd5 Bd6 11. Be2 O-O 12. h3 Bxf3 13. Bxf3 Ne5 14. Qb3
Nxf3+ 15. Qxf3 Be5 16. O-O Qd6 17. Bf4 c6 18. Bxe5 Qxe5 19. Nc3 Rad8 20. Rfd1
Rde8 21. Rac1 Re6 22. b3 Rf6 23. Qe3 Re8 24. Na4 b5 25. Nc5 Rg6 26. f4 Qb2 27.
g3 Rh6 28. Qd2 Qf6 29. Kg2 Kf8 30. Nd7+ Kg8 31. Nxf6+ Rxf6 32. e5 Rfe6 33. Qd7
R6e7 34. Qxc6 f6 35. exf6 Re2+ 36. Kf3 R2e3+ 37. Kg4 gxf6 38. Qxf6 R3e6 39. Qf5
Rg6+ 40. Kf3 Rge6 41. Rc7 Re3+ 42. Kf2 Re2+ 43. Kf1 Rf8 44. Qg5+ Kh8 45. Qg7#
1-0

[Event "Ladder 1 U1400"]
[Site "Gatineau CAN"]
[Date "2021.12.07"]
[Round "4"]
[White "Piche, Danielle"]
[Black "Lasalle, Eliott"]
[Result "1-0"]
[WhiteElo "658"]
[BlackElo "1005"]
[PlyCount "64"]
[EventDate "2021.11.16"]
[EventType "swiss"]
[EventRounds "5"]
[EventCountry "CAN"]

1. e4 e5 2. Nf3 Nf6 3. Nc3 Bc5 4. Bc4 Nc6 5. d3 Nd4 6. O-O Nxf3+ 7. Qxf3 O-O 8.
a3 d6 9. b4 Bd4 10. Bb2 Bg4 11. Qg3 Be2 12. Rae1 Nh5 13. Qh3 Nf4 14. Qg3 Bxc3
15. Bxc3 Bh5 16. Bd2 g5 17. Re3 Qf6 18. a4 Ne2+ 19. Rxe2 Bxe2 20. Bxg5 Qg6 21.
h4 c6 22. Re1 d5 23. exd5 f6 24. d6+ Kg7 25. Rxe2 fxg5 26. Qxe5+ Qf6 27. Qxg5+
Qxg5 28. hxg5 Rf7 29. f4 Kg6 30. d7 Rxf4 31. Re8 Kxg5 32. Rxa8 Kg6 1-0

[Event "Ladder 1 U1400"]
[Site "Gatineau CAN"]
[Date "2021.12.07"]
[Round "4"]
[White "Simchowitz, Wladimir"]
[Black "Hamon, Vincent"]
[Result "1/2-1/2"]
[WhiteElo "1200"]
[BlackElo "1330"]
[PlyCount "104"]
[EventDate "2021.11.16"]
[EventType "swiss"]
[EventRounds "5"]
[EventCountry "CAN"]

1. e4 c6 2. Nf3 d5 3. Nc3 dxe4 4. Nxe4 Nf6 5. Nc3 Bg4 6. d4 e6 7. Be2 Bb4 8.
Bd2 Bxf3 9. Bxf3 Qxd4 10. a3 Bc5 11. O-O O-O 12. Be3 Qxd1 13. Raxd1 Bxe3 14.
fxe3 Nbd7 15. h3 Rad8 16. Ne4 a5 17. Nd6 Nc5 18. b4 axb4 19. axb4 Na4 20. Nxb7
Rc8 21. Nd6 Rc7 22. b5 cxb5 23. Nxb5 Rxc2 24. Rd4 Ra8 25. Bd1 Ra2 26. Bb3 Nc3
27. Nxc3 R2a3 28. Rb1 h6 29. Ra4 R8xa4 30. Nxa4 Ne4 31. Bc2 Rxe3 32. Nc5 f5 33.
Nxe6 Nd2 34. Rd1 Rxe6 35. Rxd2 Re5 36. Rf2 g6 37. g4 fxg4 38. hxg4 g5 39. Rf5
Re1+ 40. Kf2 Ra1 41. Bb3+ Kg7 42. Rb5 Rh1 43. Kg2 Rh4 44. Kg3 Rh1 45. Bd5 Rc1
46. Be4 Rc3+ 47. Kf2 Rc4 48. Rb7+ Kf6 49. Rb6+ Ke5 50. Bf5 h5 51. Rb5+ Kf6 52.
gxh5 Rf4+ 1/2-1/2

[Event "Ladder 1 U1400"]
[Site "Gatineau CAN"]
[Date "2021.12.16"]
[Round "5"]
[White "Fong, David"]
[Black "Lasalle, Eliott"]
[Result "1-0"]
[WhiteElo "944"]
[BlackElo "1005"]
[PlyCount "61"]
[EventDate "2021.11.16"]
[EventType "swiss"]
[EventRounds "5"]
[EventCountry "CAN"]

1. d4 d5 2. Nf3 Nf6 3. Nc3 Nc6 4. b3 Bf5 5. Bb2 Nb4 6. e4 Nxe4 7. Bd3 Nxf2 8.
Kxf2 Nxd3+ 9. cxd3 f6 10. Nh4 Bg6 11. Nxg6 hxg6 12. Qf3 Qd6 13. Nxd5 Rxh2 14.
Rxh2 Qxh2 15. Re1 c6 16. Nxe7 Bxe7 17. Ba3 O-O-O 18. Bxe7 Re8 19. Qg4+ f5 20.
Qxg6 Qh8 21. Qxf5+ Kc7 22. Bb4 g6 23. Qxg6 Qxd4+ 24. Kf1 Qf4+ 25. Kg1 Kd7 26.
Qxe8+ Kc7 27. Ba5+ Kd6 28. Qe6+ Kc5 29. b4+ Kd4 30. Re4+ Qxe4 31. Qxe4+ 1-0

[Event "Ladder 1 U1400"]
[Site "Gatineau CAN"]
[Date "2021.12.16"]
[Round "5"]
[White "Mathieu, Gael"]
[Black "Boutin, Michel"]
[Result "0-1"]
[WhiteElo "850"]
[BlackElo "900"]
[PlyCount "56"]
[EventDate "2021.11.16"]
[EventType "swiss"]
[EventRounds "5"]
[EventCountry "CAN"]

1. d4 d5 2. c4 Nc6 3. Nf3 Bg4 4. Nc3 Bxf3 5. gxf3 dxc4 6. e3 e6 7. a3 Nge7 8.
Bxc4 Nf5 9. Ne2 g6 10. Bd2 Bg7 11. Bc3 O-O 12. d5 Bxc3+ 13. Nxc3 Na5 14. e4 Nd6
15. Ba2 exd5 16. Qxd5 Nc6 17. O-O-O a6 18. e5 Qg5+ 19. Qd2 Qxe5 20. Rde1 Qc5
21. f4 Rad8 22. b4 Qf5 23. Qe3 Rfe8 24. Qf3 Nd4 25. Qd1 Qxf4+ 26. Kb2 Qxf2+ 27.
Ka1 Nc2+ 28. Qxc2 Qxc2 0-1

[Event "Ladder 1 U1400"]
[Site "Gatineau CAN"]
[Date "2021.12.16"]
[Round "5"]
[White "Paquette, Simon"]
[Black "Blais, Robert"]
[Result "0-1"]
[WhiteElo "1103"]
[BlackElo "1300"]
[PlyCount "66"]
[EventDate "2021.11.16"]
[EventType "swiss"]
[EventRounds "5"]
[EventCountry "CAN"]

1. d4 d5 2. Bf4 Nf6 3. Nf3 g6 4. e3 Bg7 5. c3 O-O 6. Nbd2 b6 7. Bd3 Nh5 8. Bg3
f5 9. c4 c6 10. Ne5 Bb7 11. Bh4 Nd7 12. Nxd7 Qxd7 13. O-O e5 14. Nb3 e4 15. Be2
Nf6 16. cxd5 cxd5 17. Rc1 Rac8 18. Rxc8 Rxc8 19. f4 exf3 20. Bxf3 Ne4 21. Nd2
Qc6 22. Nxe4 fxe4 23. Bg4 Rf8 24. Be7 Rxf1+ 25. Qxf1 Bc8 26. Bxc8 Qxc8 27. Qb5
Qc1+ 28. Kf2 Qd2+ 29. Kf1 Qd1+ 30. Kf2 Qd2+ 31. Kg3 Qxe3+ 32. Kg4 h5+ 33. Kh4
Qf4+ 0-1

[Event "Ladder 1 U1400"]
[Site "Gatineau CAN"]
[Date "2021.12.16"]
[Round "5"]
[White "Periard, Olivier"]
[Black "Arcand, Pierre"]
[Result "0-1"]
[WhiteElo "1100"]
[BlackElo "1308"]
[PlyCount "98"]
[EventDate "2021.11.16"]
[EventType "swiss"]
[EventRounds "5"]
[EventCountry "CAN"]

1. Nf3 d5 2. d4 Nf6 3. Bf4 Nc6 4. e3 a6 5. c4 e6 6. c5 b6 7. b4 Bd7 8. Nbd2 Be7
9. h3 O-O 10. Bd3 Nxb4 11. Qb3 Nxd3+ 12. Qxd3 Bb5 13. Qc2 bxc5 14. a4 Bc6 15.
O-O Qd7 16. Ne5 Qe8 17. Bg5 h6 18. Bxf6 Bxf6 19. Ndf3 c4 20. Rfb1 Bxe5 21. Nxe5
Bd7 22. e4 f6 23. Ng4 Qg6 24. f3 c6 25. Rb7 Bc8 26. Rc7 Rf7 27. Rxc6 Rb7 28.
Rb1 Qe8 29. exd5 exd5 30. Rxf6 Rxb1+ 31. Qxb1 Bxg4 32. Qg6 Qxg6 33. Rxg6 Bh5
34. Rd6 Bf7 35. Kf2 Rb8 36. Ke2 Ra8 37. a5 Kf8 38. g4 Ke7 39. Rb6 Ra7 40. Kd2
Kd7 41. Kc3 Kc7 42. Rb2 Rb7 43. Rxb7+ Kxb7 44. h4 Kc6 45. Kb4 Be8 46. f4 h5 47.
Ka4 Bg6 48. g5 Be4 49. Kb4 g6 0-1

[Event "Ladder 1 U1400"]
[Site "Gatineau CAN"]
[Date "2021.12.16"]
[Round "5"]
[White "Rioux, Dany"]
[Black "Roussel-Lewis, Mathieu"]
[Result "1-0"]
[WhiteElo "1157"]
[BlackElo "1085"]
[PlyCount "73"]
[EventDate "2021.11.16"]
[EventType "swiss"]
[EventRounds "5"]
[EventCountry "CAN"]

1. e4 c5 2. Nc3 Nc6 3. Nf3 d6 4. Bc4 Nf6 5. O-O e6 6. d4 cxd4 7. Nxd4 e5 8.
Nxc6 bxc6 9. Be3 Be7 10. Qd2 Ng4 11. Qe2 Nxe3 12. Qxe3 Bg5 13. Qf3 O-O 14. Rad1
Be6 15. Qd3 Qb6 16. Bb3 Bxb3 17. axb3 Rad8 18. Qg3 h6 19. Rd3 f5 20. Rf3 f4 21.
Qg4 a5 22. Rd1 Qb4 23. Qe6+ Kh7 24. Na2 Qxe4 25. c4 Qc2 26. Re1 Qxb2 27. Nc3
Rf6 28. Qe7 Rg6 29. Qf7 Rf6 30. Qh5 d5 31. cxd5 cxd5 32. h4 e4 33. hxg5 exf3
34. gxf6 Qxc3 35. Qf5+ g6 36. Re7+ Kh8 37. Qxg6 1-0

[Event "Ladder 1 U1400"]
[Site "Gatineau CAN"]
[Date "2021.12.16"]
[Round "5"]
[White "Simard, Francois"]
[Black "Simchowitz, Wladimir"]
[Result "1-0"]
[WhiteElo "866"]
[BlackElo "1200"]
[PlyCount "45"]
[EventDate "2021.11.16"]
[EventType "swiss"]
[EventRounds "5"]
[EventCountry "CAN"]

1. e4 e5 2. Nf3 Nc6 3. c3 Nf6 4. d4 d5 5. Nxe5 Nxe5 6. dxe5 Nxe4 7. Bd3 Nc5 8.
Be3 Be7 9. O-O b6 10. b4 Be6 11. bxc5 Bxc5 12. Bb5+ Bd7 13. Bxd7+ Qxd7 14. Qd3
c6 15. Nd2 O-O 16. Nf3 f5 17. exf6 Rxf6 18. Rfe1 Re8 19. h3 Re4 20. Bxc5 Rxe1+
21. Rxe1 bxc5 22. c4 Re6 23. Rxe6 1-0

[Event "Ladder 1 U1400"]
[Site "Gatineau CAN"]
[Date "2021.12.16"]
[Round "5"]
[White "Simard, Paul"]
[Black "Fiset, Daniel"]
[Result "0-1"]
[WhiteElo "1311"]
[BlackElo "1279"]
[PlyCount "102"]
[EventDate "2021.11.16"]
[EventType "swiss"]
[EventRounds "5"]
[EventCountry "CAN"]

1. d4 d5 2. c4 c6 3. Nf3 Nf6 4. e3 e6 5. Bd3 Bd6 6. O-O O-O 7. Nc3 Re8 8. c5
Bc7 9. b4 b5 10. cxb6 axb6 11. Qc2 Ba6 12. Bxa6 Nxa6 13. b5 Nb4 14. Qb3 c5 15.
a3 Nd3 16. Bd2 c4 17. Qc2 Qd6 18. e4 dxe4 19. Ne5 Nxe5 20. dxe5 Qxe5 21. g3 Qc5
22. Be3 Qd6 23. Bf4 e5 24. Be3 Rxa3 25. Rxa3 Qxa3 26. Nb1 Qe7 27. Qxc4 Qd7 28.
Nc3 Qh3 29. Qxc7 Ng4 30. Rd1 Qxh2+ 31. Kf1 Qh1+ 32. Ke2 Qf3+ 33. Kd2 Nxe3 34.
fxe3 h6 35. Nd5 Qf2+ 36. Kc1 Ra8 37. Qxe5 Rc8+ 38. Nc3 Qxe3+ 39. Kc2 Qe2+ 40.
Rd2 Qc4 41. g4 Qa2+ 42. Kd1 Qa1+ 43. Ke2 Qxc3 44. Qxe4 Kf8 45. Rd7 Re8 46. Rd8
Rxd8 47. Kf2 Rd2+ 48. Kf1 Qc1+ 49. Qe1 Rd1 50. Qxd1 Qxd1+ 51. Kf2 Qd3 0-1

[Event "Ladder 1 U1400"]
[Site "Gatineau CAN"]
[Date "2021.12.16"]
[Round "5"]
[White "Vachon, Jean-Clement"]
[Black "Piche, Danielle"]
[Result "1-0"]
[WhiteElo "1114"]
[BlackElo "658"]
[PlyCount "67"]
[EventDate "2021.11.16"]
[EventType "swiss"]
[EventRounds "5"]
[EventCountry "CAN"]

1. e4 e5 2. Nf3 Nc6 3. Bc4 Bc5 4. Ng5 Qxg5 5. d3 Qe7 6. O-O d6 7. Nc3 Nf6 8.
Bg5 Bg4 9. Qd2 O-O 10. Nd5 Qd8 11. b4 Bd4 12. c3 Bb6 13. a4 a5 14. b5 Ne7 15.
Nxf6+ Kh8 16. Nxg4 Qe8 17. d4 exd4 18. cxd4 c6 19. e5 d5 20. Bd3 Bxd4 21. Rab1
Qd7 22. h3 b6 23. Bxh7 Rac8 24. Qxd4 cxb5 25. Rxb5 Rc4 26. Qd1 Kxh7 27. Bxe7
Qxe7 28. Rxd5 f6 29. Qd3+ f5 30. Qxc4 fxg4 31. Qxg4 Kh8 32. Rd7 Qxe5 33. Rb7
Qc5 34. Qxg7# 1-0

[Event "Le Vlad Basarab"]
[Site "Quebec CAN"]
[Date "2021.04.30"]
[Round "1"]
[White "Cote, Michel"]
[Black "Potvin, Alain-Nicolas"]
[Result "0-1"]
[WhiteElo "958"]
[BlackElo "1680"]
[PlyCount "60"]
[EventDate "2021.04.30"]
[EventType "swiss (rapid)"]
[EventRounds "4"]
[EventCountry "CAN"]

1. d4 g6 2. Nf3 Bg7 3. Bf4 Nf6 4. c3 d6 5. h3 O-O 6. e3 Nbd7 7. Bd3 Qe8 8. Nbd2
e5 9. dxe5 dxe5 10. Bg5 e4 11. Bxf6 Nxf6 12. Nxe4 Nxe4 13. Bxe4 Qxe4 14. O-O h6
15. Qb1 Qe7 16. Nd4 c5 17. Nf3 Be6 18. Re1 Qf6 19. Qe4 b6 20. a3 Rad8 21. Rad1
Rfe8 22. Qf4 Bb3 23. Qxf6 Bxf6 24. Rc1 Rd7 25. Kh2 Red8 26. Kh1 Bd5 27. Rcd1
Bxf3 28. Rd6 Rxd6 29. gxf3 Rd2 30. e4 Rxb2 0-1

[Event "Le Vlad Basarab"]
[Site "Quebec CAN"]
[Date "2021.04.30"]
[Round "1"]
[White "Garcia Casillas, Carlos"]
[Black "Michel, Andie"]
[Result "1-0"]
[WhiteElo "1849"]
[BlackElo "1183"]
[PlyCount "123"]
[EventDate "2021.04.30"]
[EventType "swiss (rapid)"]
[EventRounds "4"]
[EventCountry "CAN"]

1. e4 c5 2. Nf3 Nc6 3. Bb5 e5 4. c3 Nf6 5. d3 Be7 6. Nbd2 O-O 7. O-O d5 8. Qe2
Bg4 9. Ba4 a6 10. Re1 d4 11. c4 Qd7 12. Nf1 h6 13. h3 Bxf3 14. Qxf3 Rfb8 15.
Ng3 b5 16. cxb5 axb5 17. Bb3 c4 18. dxc4 b4 19. Nf5 d3 20. Bd2 Nd4 21. Qxd3
Nxf5 22. Qxd7 Nxd7 23. exf5 Bc5 24. Be3 Bd4 25. Bxd4 exd4 26. Rad1 d3 27. Rxd3
Nc5 28. Rd5 Nxb3 29. axb3 Ra2 30. Re2 Kf8 31. Red2 Raa8 32. Rd7 Ra1+ 33. Kh2 f6
34. Rd8+ Rxd8 35. Rxd8+ Ke7 36. Rb8 Ra2 37. Rxb4 Rxb2 38. Kg3 Rc2 39. Rb5 h5
40. h4 Rc3+ 41. f3 Kd6 42. Rb7 Ke5 43. Rb5+ Kd6 44. Rb7 Ke5 45. Rxg7 Kxf5 46.
Rb7 Ke5 47. Rb5+ Kd4 48. Rxh5 Rxb3 49. c5 Rc3 50. Rf5 Kc4 51. c6 Kb4 52. Rxf6
Kb3 53. h5 Kc2 54. h6 Kd1 55. h7 Ke1 56. h8=Q Rc2 57. Qe8+ Kf1 58. Rh6 Rxg2+
59. Kf4 Rg1 60. c7 Kf2 61. Rh2+ Kf1 62. Qe2# 1-0

[Event "Le Vlad Basarab"]
[Site "Quebec CAN"]
[Date "2021.04.30"]
[Round "2"]
[White "Adam, Rafael"]
[Black "Garcia Casillas, Carlos"]
[Result "1-0"]
[WhiteElo "1918"]
[BlackElo "1849"]
[PlyCount "115"]
[EventDate "2021.04.30"]
[EventType "swiss (rapid)"]
[EventRounds "4"]
[EventCountry "CAN"]

1. d4 Nf6 2. Bg5 g6 3. Bxf6 exf6 4. c4 Bg7 5. g3 d6 6. Bg2 f5 7. e3 Nd7 8. Nc3
O-O 9. Nge2 Nf6 10. O-O Re8 11. Qc2 c6 12. Rac1 Qe7 13. b4 Ne4 14. b5 Bd7 15.
bxc6 bxc6 16. Rb1 Nxc3 17. Nxc3 Reb8 18. Rxb8+ Rxb8 19. Qa4 c5 20. Qxa7 Qe8 21.
Ne2 Rb2 22. Re1 cxd4 23. Nxd4 Bxd4 24. Qxd4 Rxa2 25. Qxd6 Rc2 26. Bd5 Be6 27.
Rb1 Bxd5 28. cxd5 Qe4 29. Qf6 Rc8 30. Rd1 Qf3 31. Qd4 Rc2 32. Rf1 Qe2 33. d6
Rd2 34. Qf6 Qd3 35. Ra1 Qd5 36. Rc1 Rd1+ 37. Rxd1 Qxd1+ 38. Kg2 Qd5+ 39. f3
Qd2+ 40. Kh3 Qd5 41. e4 fxe4 42. fxe4 Qh5+ 43. Qh4 Qd1 44. Qf4 Qh5+ 45. Kg2
Qe2+ 46. Kg1 Qe1+ 47. Qf1 Qxe4 48. Qd1 Qe3+ 49. Kf1 Qe4 50. Kf2 Qf5+ 51. Kg2
Qe4+ 52. Qf3 Qc2+ 53. Kh3 Qc8+ 54. g4 Qd7 55. Qf4 h5 56. Kh4 Qxg4+ 57. Qxg4
hxg4 58. d7 1-0

[Event "Le Vlad Basarab"]
[Site "Quebec CAN"]
[Date "2021.04.30"]
[Round "2"]
[White "Michel, Andie"]
[Black "Cote, Michel"]
[Result "0-1"]
[WhiteElo "1183"]
[BlackElo "958"]
[PlyCount "104"]
[EventDate "2021.04.30"]
[EventType "swiss (rapid)"]
[EventRounds "4"]
[EventCountry "CAN"]

1. e4 e5 2. Nf3 Nc6 3. Bc4 h6 4. Nc3 Bc5 5. O-O d6 6. a3 a6 7. Ba2 Nf6 8. d3
Nd4 9. h3 Be6 10. Nd5 Nxd5 11. Bxd5 Bxd5 12. exd5 Nxf3+ 13. Qxf3 Qf6 14. Qxf6
gxf6 15. c3 Ba7 16. Kh1 h5 17. f4 O-O-O 18. fxe5 fxe5 19. Rxf7 Rdf8 20. Rxf8+
Rxf8 21. Bh6 Rf2 22. d4 exd4 23. c4 Rxb2 24. Rf1 b6 25. Rf8+ Kb7 26. Bg7 Rc2
27. Rf7 Rxc4 28. Kh2 b5 29. Rf5 a5 30. Rxh5 b4 31. axb4 axb4 32. Rh7 b3 33. h4
b2 34. h5 b1=Q 35. Rh8 d3 36. h6 Rh4+ 37. Kg3 Rh5 38. Bf6 Qe1+ 39. Kg4 Rxd5 40.
h7 Qe4+ 41. Kh3 Rh5+ 42. Kg3 Qe3+ 43. Kg4 Rh1 44. Rb8+ Kxb8 45. h8=Q+ Rxh8 46.
Bxh8 d2 47. Bf6 d1=Q+ 48. Kf5 Qd5+ 49. Kg6 Qee6 50. Kg7 Qdf5 51. Bh4 Qff7+ 52.
Kh8 Qee8# 0-1

[Event "Le Vlad Basarab"]
[Site "Quebec CAN"]
[Date "2021.04.30"]
[Round "2"]
[White "Potvin, Alain-Nicolas"]
[Black "Boutin, Jean-Roger"]
[Result "1-0"]
[WhiteElo "1680"]
[BlackElo "1555"]
[PlyCount "65"]
[EventDate "2021.04.30"]
[EventType "swiss (rapid)"]
[EventRounds "4"]
[EventCountry "CAN"]

1. d4 Nf6 2. Bf4 d5 3. e3 a6 4. Nf3 e6 5. Bd3 Be7 6. Nbd2 Nh5 7. Bg3 Nxg3 8.
hxg3 h6 9. Ne5 Nd7 10. Ndf3 c5 11. c3 Nxe5 12. Nxe5 c4 13. Bc2 Bf6 14. f4 Bd7
15. g4 Qc7 16. g5 Bxe5 17. fxe5 O-O-O 18. gxh6 Rxh6 19. Rxh6 gxh6 20. Qf3 Bc6
21. O-O-O Rh8 22. Rf1 Be8 23. Rf2 Qe7 24. g4 Qg5 25. Bd1 Rh7 26. Rh2 Rh8 27.
Rh5 Qg7 28. Qf6 Qxf6 29. exf6 Kc7 30. g5 Rg8 31. gxh6 Rh8 32. h7 Kd6 33. Bc2
1-0

[Event "Le Vlad Basarab"]
[Site "Quebec CAN"]
[Date "2021.04.30"]
[Round "3"]
[White "Boutin, Jean-Roger"]
[Black "Michel, Andie"]
[Result "0-1"]
[WhiteElo "1555"]
[BlackElo "1183"]
[PlyCount "37"]
[EventDate "2021.04.30"]
[EventType "swiss (rapid)"]
[EventRounds "4"]
[EventCountry "CAN"]

1. e4 c5 2. Nf3 Nc6 3. c3 a6 4. d4 cxd4 5. cxd4 e6 6. Nc3 Bb4 7. Bd2 d5 8. e5
Nge7 9. a3 Ba5 10. Be2 O-O 11. O-O h6 12. Be3 Nf5 13. g4 Nxe3 14. fxe3 Qh4 15.
Nd2 Qg5 16. Rf3 h5 17. Rg3 h4 18. Nf3 Qxe3+ 19. Kh1 0-1

[Event "Le Vlad Basarab"]
[Site "Quebec CAN"]
[Date "2021.04.30"]
[Round "3"]
[White "Garcia Casillas, Carlos"]
[Black "Cote, Michel"]
[Result "1-0"]
[WhiteElo "1849"]
[BlackElo "958"]
[PlyCount "67"]
[EventDate "2021.04.30"]
[EventType "swiss (rapid)"]
[EventRounds "4"]
[EventCountry "CAN"]

1. e4 e5 2. Nf3 Nc6 3. Bb5 Bc5 4. c3 d6 5. O-O Nf6 6. d3 Bd7 7. Ba4 h6 8. Nbd2
Nb8 9. Bc2 a6 10. h3 Nc6 11. Re1 O-O 12. Nf1 Re8 13. Ng3 Be6 14. Nh2 d5 15. Qf3
dxe4 16. dxe4 Qe7 17. Ng4 Bxg4 18. hxg4 Rad8 19. Nf5 Qf8 20. g3 Ne7 21. Nxh6+
Kh8 22. Nf5 Nxf5 23. gxf5 Qg8 24. Kg2 Nh7 25. Rh1 Rd7 26. Be3 Bxe3 27. Qxe3
Red8 28. Rh4 f6 29. Rah1 g6 30. Bb3 Qg7 31. Rxh7+ Qxh7 32. Rxh7+ Rxh7 33. fxg6
Rhd7 34. Qh6+ 1-0

[Event "Le Vlad Basarab"]
[Site "Quebec CAN"]
[Date "2021.04.30"]
[Round "3"]
[White "Potvin, Alain-Nicolas"]
[Black "Adam, Rafael"]
[Result "0-1"]
[WhiteElo "1680"]
[BlackElo "1918"]
[PlyCount "152"]
[EventDate "2021.04.30"]
[EventType "swiss (rapid)"]
[EventRounds "4"]
[EventCountry "CAN"]

1. d4 Nf6 2. Bf4 g6 3. e3 Bg7 4. Nf3 d6 5. h3 O-O 6. Be2 Nc6 7. c4 Re8 8. O-O
Nd7 9. Nc3 e5 10. Bh2 exd4 11. exd4 Nf8 12. Re1 Ne7 13. Qd2 Ne6 14. Rad1 Nf5
15. d5 Nc5 16. Bf1 a5 17. Rxe8+ Qxe8 18. Re1 Qd8 19. b3 Bd7 20. Ne4 Nxe4 21.
Rxe4 Qf6 22. Bf4 a4 23. Bg5 Qa1 24. Re1 Qc3 25. Qxc3 Bxc3 26. Bd2 Bxd2 27. Nxd2
axb3 28. axb3 Kf8 29. Nf3 Ra3 30. b4 Ne7 31. Ng5 h6 32. Nh7+ Ke8 33. Nf6+ Kd8
34. Nxd7 Kxd7 35. b5 Nf5 36. Rd1 Ng7 37. g4 g5 38. Kg2 Ne8 39. Rd3 Ra2 40. Rf3
Ke7 41. Re3+ Kf8 42. Bd3 Nf6 43. Kg3 Nd7 44. f4 gxf4+ 45. Kxf4 Ne5 46. Be2 Rc2
47. Re4 Kg7 48. h4 Rc3 49. g5 hxg5+ 50. hxg5 Kg6 51. Re3 Rxe3 52. Kxe3 Kxg5 53.
Kd4 b6 54. Ke4 f5+ 55. Ke3 Ng4+ 56. Kf3 Ne5+ 57. Ke3 Kf6 58. Kf4 Ng6+ 59. Kf3
Ke5 60. Bf1 Nh8 61. Ke3 Nf7 62. Kd3 Kf4 63. Ke2 Kg3 64. Ke3 f4+ 65. Ke4 f3 66.
Kf5 Ne5 67. Ke6 Kf2 68. Bh3 Ke2 69. Ke7 f2 70. Kd8 Nd3 71. Kxc7 Nf4 72. Bg4+
Ke3 73. Kxb6 f1=Q 74. Kc6 Qxc4+ 75. Kxd6 Qxd5+ 76. Kc7 Qxb5 0-1

[Event "Le Vlad Basarab"]
[Site "Quebec CAN"]
[Date "2021.04.30"]
[Round "4"]
[White "Cote, Michel"]
[Black "Adam, Rafael"]
[Result "0-1"]
[WhiteElo "958"]
[BlackElo "1918"]
[PlyCount "100"]
[EventDate "2021.04.30"]
[EventType "swiss (rapid)"]
[EventRounds "4"]
[EventCountry "CAN"]

1. d4 Nf6 2. Nf3 e6 3. Bf4 b6 4. c3 Bb7 5. e3 Ne4 6. Nbd2 f5 7. Nxe4 Bxe4 8.
Bd3 Bb7 9. h3 d6 10. Bh2 Nd7 11. Be2 Nf6 12. Nd2 Bxg2 13. Rg1 Bb7 14. Bf1 g6
15. Bg2 Bxg2 16. Rxg2 Bg7 17. Rg1 Qd7 18. Qf3 O-O 19. Qd1 Rfe8 20. Qc2 e5 21.
dxe5 dxe5 22. O-O-O Qe6 23. Qb3 Qxb3 24. Nxb3 Ne4 25. Rgf1 Rad8 26. Nd2 Nc5 27.
Nb3 Nd3+ 28. Kc2 e4 29. Nc1 Nxc1 30. Kxc1 c5 31. Rxd8 Rxd8 32. Rd1 Rxd1+ 33.
Kxd1 Kf7 34. Bb8 b5 35. Bxa7 b4 36. Bxc5 bxc3 37. bxc3 Bxc3 38. Ke2 Ke6 39. a4
Kd5 40. Bd4 Bxd4 41. exd4 Kxd4 42. a5 Kc5 43. a6 Kb6 44. Ke3 Kxa6 45. f3 exf3
46. Kxf3 g5 47. Kg3 h5 48. h4 g4 49. Kf4 Kb5 50. Kg3 Kc4 0-1

[Event "Le Vlad Basarab"]
[Site "Quebec CAN"]
[Date "2021.04.30"]
[Round "4"]
[White "Garcia Casillas, Carlos"]
[Black "Potvin, Alain-Nicolas"]
[Result "1-0"]
[WhiteElo "1849"]
[BlackElo "1680"]
[PlyCount "55"]
[EventDate "2021.04.30"]
[EventType "swiss (rapid)"]
[EventRounds "4"]
[EventCountry "CAN"]

1. e4 g6 2. d4 Bg7 3. Nc3 d6 4. Be3 Nf6 5. f3 O-O 6. Qd2 e5 7. Nge2 Nc6 8.
O-O-O exd4 9. Nxd4 Nxd4 10. Bxd4 Be6 11. Kb1 a6 12. h4 h5 13. Be3 b5 14. Bg5
Qd7 15. Nd5 Nh7 16. Bh6 Rfb8 17. Bxg7 Kxg7 18. g4 hxg4 19. h5 Bxd5 20. hxg6
Bxa2+ 21. Kxa2 Qe6+ 22. Kb1 Qxg6 23. Bd3 Rh8 24. e5 Qe6 25. Rxh7+ Rxh7 26. Qg5+
Kh8 27. Bxh7 Kxh7 28. Rh1+ 1-0

[Event "Maritime op"]
[Site "Summerside CAN"]
[Date "2021.10.09"]
[Round "1"]
[White "Zhang, Brian"]
[Black "Bogle, Bill"]
[Result "1-0"]
[WhiteElo "1661"]
[BlackElo "2146"]
[PlyCount "80"]
[EventDate "2021.10.09"]
[EventType "swiss"]
[EventRounds "5"]
[EventCountry "CAN"]

1. e4 c5 2. Nf3 d6 3. d4 cxd4 4. Nxd4 Nf6 5. Nc3 a6 6. f3 e5 7. Nb3 Be6 8. Be3
Be7 9. Qd2 O-O 10. O-O-O Nbd7 11. g4 b5 12. g5 b4 13. Ne2 Ne8 14. Ng3 a5 15.
Kb1 Nc7 16. f4 Bg4 17. Be2 Bxe2 18. Qxe2 a4 19. Nc1 g6 20. h4 exf4 21. Bxf4 Ne6
22. Bxd6 Bxd6 23. Rxd6 Qc7 24. e5 Nxe5 25. Qxe5 Ra5 26. Qe1 Qxd6 27. Ne4 Qd4
28. Nf6+ Kg7 29. Nd3 Rb5 30. Qe2 b3 31. c3 bxa2+ 32. Ka1 Qc4 33. Qe3 Rd8 34.
Nb4 Nc5 35. Qe7 Nb3+ 36. Kxa2 Nd2+ 37. Ka1 Nb3+ 38. Kb1 Qc8 39. h5 Rb7 40. Qe3
Qf5+ 1-0